000
00347 a2200169 4500
001
184747
020
_a
85-11-19007-4
040
_c
Magnum
100
_a
Lobato, Monteiro
240
1
0
_a
Fábulas
_l
por
245
1
0
_a
Fábulas
300
_a
58
362
0
_a
1994
440
1
_a
Brasiliense
697
_a
LITERATURA INFANTO-JUVENIL
942
_c
BK
999
_c
184747
_d
184747